| Поле | Название | Значение |
| |
Тип записи |
a |
| |
Библиографический уровень |
m |
| 001 |
Контрольный номер |
RU/URAIT/599065 |
| 005 |
Дата корректировки |
20260429163652.6 |
| 008 |
Кодируемые данные |
260429s2026 RU y f j 000 0 rus u |
| 020 |
Индекс ISBN |
__ |
| a |
ISBN |
978-5-534-20208-3 |
| c |
Цена, тираж |
2929.00 |
| 040 |
Источник каталогиз. |
__ |
| a |
Служба первич. каталог. |
ИКО Юрайт |
| c |
Служба, преобразующая запись |
ИКО Юрайт |
| e |
Правила каталог. |
RCR |
| 041 |
Код языка издания |
__ |
| a |
Код языка текста |
rus |
| 044 |
Код страны публикации |
__ |
| a |
Код страны публикации |
RU |
| 080 |
Индекс УДК |
__ |
| a |
Индекс УДК |
621.313(075.8) |
| 084 |
Индекс другой классификации/Индекс ББК |
__ |
| 2 |
Источник индекса |
rubbk |
| a |
Индекс другой классификации/Индекс ББК |
31.26я73 |
| 100 |
Автор |
__ |
| a |
Автор |
Копылов И. П. |
| q |
Полное имя |
Копылов Игорь Петрович |
| 245 |
Заглавие |
__ |
| a |
Заглавие |
Электрические машины |
| b |
Продолж. заглавия |
учебник для спо |
| c |
Ответственность |
И. П. Копылов. |
| 250 |
Сведения об издании |
__ |
| g |
|
испр. и доп |
| a |
Основные сведения об издании |
2-е изд. |
| 256 |
Характеристики компьютерного файла |
__ |
| a |
Характеристики компьютерного файла |
Электрон. дан. |
| 260 |
Выходные данные |
__ |
| a |
Место издания |
Москва |
| b |
Издательство |
Юрайт |
| c |
Дата издания |
2026 |
| 300 |
Физическое описание |
__ |
| a |
Объем |
669 с |
| 440 |
Серия |
__ |
| a |
Серия |
Профессиональное образование |
| 500 |
Примечания |
__ |
| a |
Примечание |
URL: https://urait.ru/bcode/599065 (дата обращения: 29.04.2026). |
| 520 |
Аннотация |
__ |
| a |
Аннотация |
Данный учебник, написанный известным специалистом в своей области, уже много лет пользуется популярностью среди студентов и преподавателей электротехнических и энергетических вузов и факультетов. В нем изложены общие вопросы теории электрических машин, приведены сведения по теории и конструкции отдельных видов электрических машин, в том числе синхронных и асинхронных, машин постоянного тока и др., с учетом последних научно-исследовательских работ и достижений в этой области. Приведены новые фактические данные, соответствующие современному уровню электромашиностроения; терминология и обозначения даны по действующим стандартам. |
| 538 |
Прим. о системных особенностях |
__ |
| a |
Прим. о системных особенностях |
Режим доступа: Электронно-библиотечная система Юрайт, для авториз. пользователей |
| 653 |
Ключевые слова |
__ |
| a |
Ключевые слова |
Электротехника, электроника, телекоммуникации |
| 653 |
Ключевые слова |
__ |
| a |
Ключевые слова |
Технические науки |
| 653 |
Ключевые слова |
__ |
| a |
Ключевые слова |
Общая электротехника и электроника |
| 653 |
Ключевые слова |
__ |
| a |
Ключевые слова |
Электрические машины |
| 653 |
Ключевые слова |
__ |
| a |
Ключевые слова |
Электроснабжение |
| 653 |
Ключевые слова |
__ |
| a |
Ключевые слова |
Электротехника и электроника |
| 653 |
Ключевые слова |
__ |
| a |
Ключевые слова |
Основы электротехники и электроники |
| 653 |
Ключевые слова |
__ |
| a |
Ключевые слова |
Электрооборудование электростанций |
| 653 |
Ключевые слова |
__ |
| a |
Ключевые слова |
Теоретические основы электротехники и электроники |
| 653 |
Ключевые слова |
__ |
| a |
Ключевые слова |
Электротехника и электронная техника |
| 653 |
Ключевые слова |
__ |
| a |
Ключевые слова |
Электроника и электротехника |
| 653 |
Ключевые слова |
__ |
| a |
Ключевые слова |
Электрооборудование |
| 653 |
Ключевые слова |
__ |
| a |
Ключевые слова |
Электротехника и основы электронной техники |
| 653 |
Ключевые слова |
__ |
| a |
Ключевые слова |
Теоретические основы процесса изготовления электрических машин, аппаратов и установок |
| 653 |
Ключевые слова |
__ |
| a |
Ключевые слова |
Электротехника и основы электроники |
| 653 |
Ключевые слова |
__ |
| a |
Ключевые слова |
Электрические машины (Общий курс) |
| 653 |
Ключевые слова |
__ |
| a |
Ключевые слова |
Теоретические основы электротехники и электроника |
| 653 |
Ключевые слова |
__ |
| a |
Ключевые слова |
Основы электроснабжения |
| 653 |
Ключевые слова |
__ |
| a |
Ключевые слова |
Основы электроники и электротехники |
| 653 |
Ключевые слова |
__ |
| a |
Ключевые слова |
Теоретическая электротехника и электроника |
| 653 |
Ключевые слова |
__ |
| a |
Ключевые слова |
Электротехника, электроника |
| 653 |
Ключевые слова |
__ |
| a |
Ключевые слова |
Электрические машины, электропривод и системы управления электроснабжением |
| 653 |
Ключевые слова |
__ |
| a |
Ключевые слова |
Трансформаторные подстанции |
| 856 |
Электронный адрес документа |
40 |
| n |
Местонахождение сервера |
Юрайт |
| g |
|
Электронная книга |
| q |
Тип электронного формата |
html |
| h |
Имя пользователя |
ЮРАЙТ |
| v |
Часы доступа к ресурсу |
20271231 |
| 2 |
Способ доступа |
Показать документ |
| x |
Служебное примечание |
https://urait.ru/book/cover/AE961BFF-6AAE-4B6B-9F8C-C12ECE734D3E |
| u |
URL |
https://urait.ru/bcode/599065 |
| 856 |
Электронный адрес документа |
48 |
| q |
Тип электронного формата |
cover |
| u |
URL |
https://urait.ru/book/cover/AE961BFF-6AAE-4B6B-9F8C-C12ECE734D3E |
| 911 |
|
__ |
| u |
|
0030=https://urait.ru/bcode/599065 |
| 911 |
|
__ |
| u |
|
073a=9785534202083 |
| u |
|
073d=2929.00 |
| 911 |
|
__ |
| u |
|
106a=s |
| 911 |
|
__ |
| u |
|
900l= |
| 952 |
Тип литературы |
__ |
| i |
Дисциплина |
Общая электротехника и электроника |
| 952 |
Тип литературы |
__ |
| i |
Дисциплина |
Электрические машины |
| 952 |
Тип литературы |
__ |
| i |
Дисциплина |
Электроснабжение |
| 952 |
Тип литературы |
__ |
| i |
Дисциплина |
Электротехника и электроника |
| 952 |
Тип литературы |
__ |
| i |
Дисциплина |
Основы электротехники и электроники |
| 952 |
Тип литературы |
__ |
| i |
Дисциплина |
Электрооборудование электростанций |
| 952 |
Тип литературы |
__ |
| i |
Дисциплина |
Теоретические основы электротехники и электроники |
| 952 |
Тип литературы |
__ |
| i |
Дисциплина |
Электротехника и электронная техника |
| 952 |
Тип литературы |
__ |
| i |
Дисциплина |
Электроника и электротехника |
| 952 |
Тип литературы |
__ |
| i |
Дисциплина |
Электрооборудование |
| 952 |
Тип литературы |
__ |
| i |
Дисциплина |
Электротехника и основы электронной техники |
| 952 |
Тип литературы |
__ |
| i |
Дисциплина |
Теоретические основы процесса изготовления электрических машин, аппаратов и установок |
| 952 |
Тип литературы |
__ |
| i |
Дисциплина |
Электротехника и основы электроники |
| 952 |
Тип литературы |
__ |
| i |
Дисциплина |
Электрические машины (Общий курс) |
| 952 |
Тип литературы |
__ |
| i |
Дисциплина |
Теоретические основы электротехники и электроника |
| 952 |
Тип литературы |
__ |
| i |
Дисциплина |
Основы электроснабжения |
| 952 |
Тип литературы |
__ |
| i |
Дисциплина |
Основы электроники и электротехники |
| 952 |
Тип литературы |
__ |
| i |
Дисциплина |
Теоретическая электротехника и электроника |
| 952 |
Тип литературы |
__ |
| i |
Дисциплина |
Электротехника, электроника |
| 952 |
Тип литературы |
__ |
| i |
Дисциплина |
Электрические машины, электропривод и системы управления электроснабжением |
| 952 |
Тип литературы |
__ |
| i |
Дисциплина |
Трансформаторные подстанции |